|
|
|
|
| LEADER |
00000naa2a2200000 4500 |
| 001 |
622054 |
| 005 |
20231101133207.0 |
| 035 |
|
|
|a (RuTPU)RU\TPU\conf\20706
|
| 035 |
|
|
|a RU\TPU\conf\20705
|
| 090 |
|
|
|a 622054
|
| 100 |
|
|
|a 20170203d2016 k y0rusy50 ca
|
| 101 |
0 |
|
|a rus
|
| 102 |
|
|
|a RU
|
| 105 |
|
|
|a y z 101zy
|
| 135 |
|
|
|a drcn ---uucaa
|
| 181 |
|
0 |
|a i
|
| 182 |
|
0 |
|a b
|
| 200 |
1 |
|
|a Кадровый потенциал разработки арктического шельфа
|f Д. В. Худяков, А. В. Антошкина
|g науч. рук. Е. В. Нехода
|
| 203 |
|
|
|a Текст
|c электронный
|
| 225 |
1 |
|
|a Экономика освоения Арктики и её ресурсов
|
| 230 |
|
|
|a 1 компьютерный файл (pdf; 497 Kb)
|
| 300 |
|
|
|a Заглавие с титульного экрана
|
| 320 |
|
|
|a [Библиогр.: с. 474-475 (1 назв.)]
|
| 463 |
|
1 |
|0 (RuTPU)RU\TPU\conf\20537
|t Творчество юных - шаг в успешное будущее
|o Арктика и её освоение
|o материалы IX Всероссийской научной молодежной конференции с международным участием с элементами научной школы имени профессора М.К. Коровина, г. Томск, 10-14 октября 2016 г.
|f Национальный исследовательский Томский политехнический университет (ТПУ) ; под ред. А. Ю. Дмитриева
|v [С. 472-475]
|d 2016
|
| 610 |
1 |
|
|a труды учёных ТПУ
|
| 610 |
1 |
|
|a электронные ресурсы
|
| 610 |
1 |
|
|a арктический шельф
|
| 610 |
1 |
|
|a месторождения
|
| 610 |
1 |
|
|a кадры
|
| 610 |
1 |
|
|a углеводороды
|
| 610 |
1 |
|
|a природные ресурсы
|
| 700 |
|
1 |
|a Худяков
|b Д. В.
|c специалист в области нефтегазового дела
|c ассистент кафедры Томского политехнического университета, заместитель директора по научно-исследовательской, опытно-конструкторской и технологической работе
|f 1981-
|g Дмитрий Владимирович
|2 stltpush
|3 (RuTPU)RU\TPU\pers\32162
|
| 701 |
|
1 |
|a Антошкина
|b А. В.
|c экономист
|c доцент Томского политехнического университета, кандидат экономических наук
|f 1976-
|g Анна Владимировна
|2 stltpush
|3 (RuTPU)RU\TPU\pers\26224
|
| 702 |
|
1 |
|a Нехода
|b Е. В.
|c экономист
|c профессор Томского политехнического университета, доктор экономических наук
|f 1963-
|g Евгения Владимировна
|2 stltpush
|4 727
|
| 712 |
0 |
2 |
|a Национальный исследовательский Томский политехнический университет (ТПУ)
|b Институт природных ресурсов (ИПР)
|b Центр подготовки и переподготовки специалистов нефтегазового дела (ЦППС НД)
|b Лаборатория геологии месторождений нефти и газа (ЛГМНГ)
|h 5263
|2 stltpush
|3 (RuTPU)RU\TPU\col\19125
|
| 801 |
|
2 |
|a RU
|b 63413507
|c 20170213
|g RCR
|
| 856 |
4 |
|
|u http://earchive.tpu.ru/handle/11683/36785
|
| 942 |
|
|
|c BK
|